| 000 | 00602nam a22001937a 4500 | ||
|---|---|---|---|
| 999 |
_c195414 _d195414 |
||
| 005 | 20230327170925.0 | ||
| 010 | _aENG-136512 | ||
| 020 |
_c895.00 _a 9789386714978 |
||
| 035 | _aEN-120044 | ||
| 037 | _bDBAD/PUB | ||
| 082 | _a181.4 | ||
| 245 |
_aIntegral Humanism : _bRevisited in conteporary India/ _cEdited By Shyam Kartik Sharma |
||
| 250 | _afirst | ||
| 260 |
_aNEW DELHI _bKUNAL BOOKS _c2019 |
||
| 270 |
_bNEW DELHI _e110002 _a4648/21 1ST FLOOR, ANSARI ROAD,DARYAGANJ |
||
| 300 |
_axiii 284p; _c22cm(hbk) |
||
| 700 |
_aMISHRA, KARTIK _eEditor |
||
| 942 |
_2ddc _cEN _h181.4 _mINT |
||